Statistics for Pokémon GO: Lowest CP Steel-type Pokémon

Click here to take the quiz!

General Stats

  • This quiz has been taken 11 times
    (7 since last reset)
  • The average score is 16 of 20

Answer Stats

Max CPAnswer% Correct
1478Aron
100%
1104Beldum
100%
681Bronzor
100%
1064Ferroseed
100%
2088Klang
100%
2204Klefki
100%
1081Klink
100%
2324Lairon
100%
1540Magnemite
100%
1946Metang
100%
1620Pawniard
100%
1462Sandshrew (Alolan)
100%
1848Mawile
75%
1170Meowth (Galarian)
75%
1741Bastiodon
50%
780Diglett (Alolan)
50%
2165Dugtrio (Alolan)
50%
1007Shieldon
50%
2005Wormadam (Trash Cloak)
50%
1207Meltan
25%

Score Distribution

Percentile by Number Answered

Percent of People with Each Score

Your Score History

You have not taken this quiz since the last reset